Central Library OPAC University of Rajshahi

Linear and multilinear algebra / (Record no. 50463)

MARC details
000 -LEADER
fixed length control field 00626nam a22002291 4500
001 - CONTROL NUMBER
control field 50463
003 - CONTROL NUMBER IDENTIFIER
rucl marc code BD-RjUL
005 - DATE AND TIME OF LATEST TRANSACTION
control field 20211209075519.0
008 - FIXED-LENGTH DATA ELEMENTS--GENERAL INFORMATION
fixed length control field 160827s1966 nyua 000 0 eng
035 ## - SYSTEM CONTROL NUMBER
System control number (BD-RjUL)50583
040 ## - CATALOGING SOURCE
Original cataloging agency DLC/ICU
Transcribing agency ICU
Modifying agency DLC
Language of cataloging eng
041 ## - LANGUAGE CODE
Language code of text/sound track or separate title eng
082 00 - DEWEY DECIMAL CLASSIFICATION NUMBER
Classification number 512.505
Author mark and year ABL 1966
100 1# - MAIN ENTRY--PERSONAL NAME
Personal name Abraham, Ralph.
9 (RLIN) 151185
245 10 - TITLE STATEMENT
Title Linear and multilinear algebra /
Statement of responsibility, etc. Ralph Abraham
260 ## - PUBLICATION, DISTRIBUTION, ETC. (IMPRINT)
Place of publication, distribution, etc. New York :
Name of publisher, distributor, etc. W.A. Benjamin,
Date of publication, distribution, etc. 1966.
300 ## - PHYSICAL DESCRIPTION
Pagination x, 103 p. :
Illustrations ill. ;
Size 23 cm.
500 ## - GENERAL NOTE
General note icludes index
650 #0 - SUBJECT ADDED ENTRY--TOPICAL TERM
Topical term or geographic name as entry element Algebras, Linear.
9 (RLIN) 137168
942 ## - ADDED ENTRY ELEMENTS (KOHA)
Source of classification or shelving scheme Dewey Decimal Classification
Koha item type Books
Holdings
Lost status Source of classification or shelving scheme Damaged status Not for loan Collection code Permanent Location Current Location Shelving location Date acquired Source of acquisition Cost, normal purchase price Total Checkouts Full call number Date last seen Copy number Koha item type
  Dewey Decimal Classification     Non-fiction Central Library, University of Rajshahi Central Library, University of Rajshahi   07/12/1968 Zeetlinger 61.00   512.505 ABL 1966 27/08/2016 C-2 Books
  Dewey Decimal Classification     Non-fiction Central Library, University of Rajshahi Central Library, University of Rajshahi   07/12/1968 Zeetlinger 61.00   512.505 ABL 1966 27/08/2016 C-3 Books
  Dewey Decimal Classification     Non-fiction Central Library, University of Rajshahi Central Library, University of Rajshahi   07/12/1968 Zeetlinger 61.00   512.505 ABL 1966 27/08/2016 C-4 Books
  Dewey Decimal Classification     Non-fiction Central Library, University of Rajshahi Central Library, University of Rajshahi   07/12/1968 Zeetlinger 61.00   512.505 ABL 1966 27/08/2016 C-5 Books
  Dewey Decimal Classification     Non-fiction Central Library, University of Rajshahi Central Library, University of Rajshahi   07/12/1968 Zeetlinger 61.00   512.505 ABL 1966 27/08/2016 C-6 Books
  Dewey Decimal Classification     Non-fiction Central Library, University of Rajshahi Central Library, University of Rajshahi   19/11/1968 Zeithlinger.     512.505 ABL 1966 31/10/2016 C-7 Books